000 00503nam a2200157 i 4500
001 81878
003 ES-MaACL
005 20230906174529.0
007 t|
008 041108s1902 mx ||||1| spa d
100 1 _aIglesias Calderón, Fernando.
_965101
245 1 0 _aRectificaciones históricas
_b: la traición de Maximiliano y la capilla propiciatoria /
_cFernando Iglesias Calderón.
260 _aMéxico :
_bFilomeno Mata,
_c1902.
300 _aXIII, 246 p. ;
_c23 cm.
852 _aES-MaACL
_jF-821
999 _c81878
_d81878